[Event "Monza e Brianza Province-ch"]
[Site "Ceriano Laghetto"]
[Date "2014.02.25"]
[Round "6"]
[White "Lapiccirella, Daniele"]
[Black "Fusi, Claudio"]
[Result "1-0"]
[WhiteElo "2215"]
[BlackElo "1610"]
[PlyCount "57"]
[EventDate "2014.01.21"]
[EventType "swiss"]
[EventRounds "6"]
[EventCountry "ITA"]
[SourceTitle "EXT 2015"]
[Source "ChessBase"]
[SourceDate "2014.11.20"]
[SourceVersion "1"]
[SourceVersionDate "2014.11.20"]
[SourceQuality "1"]

1. d4 d6 2. c4 f5 3. Nf3 Nf6 4. g3 g6 5. Bg2 Bg7 6. 0-0 0-0 7. d5 c5 8. Nbd2 Nbd7 9. Rb1 Ng4 10. h3 Nge5 11. Ng5 Nb6 12. b3 Rb8 13. f4 Nf7 14. Ne6 Bxe6 15. dxe6 Bd4+ 16. Kh2 Nh6 17. Nf3 Qc8 18. Nxd4 cxd4 19. a4 Qc5 20. Bb2 Na8 21. Bxd4 Qa5 22. b4 Qc7 23. Qb3 Rbc8 24. Rfc1 a6 25. a5 b5 26. cxb5 Qxc1 27. Rxc1 Rxc1 28. b6 Re1 29. Qd3 1-0

[Event "Ceriano Laghetto op"]
[Site "Ceriano Laghetto"]
[Date "2009.03.03"]
[Round "5"]
[White "Pellegrini, Fabio"]
[Black "Fusi, Claudio"]
[Result "0-1"]
[WhiteElo "1423"]
[BlackElo "1586"]
[PlyCount "108"]
[EventDate "2009.02.03"]
[EventType "swiss"]
[EventRounds "6"]
[EventCountry "ITA"]
[SourceTitle "EXT 2011"]
[Source "ChessBase"]
[SourceDate "2010.11.26"]
[SourceVersion "1"]
[SourceVersionDate "2010.11.26"]
[SourceQuality "1"]

1. e4 e5 2. Bc4 Nf6 3. Nf3 d6 4. d3 Be7 5. 0-0 0-0 6. h3 Nbd7 7. Nc3 c6 8. a3 Nb6 9. Ba2 a5 10. Nh2 Nbd7 11. f4 exf4 12. Rxf4 Ne5 13. Kh1 Ng6 14. Rf1 Qb6 15. Qe1 Be6 16. Qe3 Qc7 17. Bxe6 fxe6 18. Ne2 d5 19. Nd4 Qe5 20. exd5 exd5 21. Qxe5 Nxe5 22. Bg5 Rf7 23. Rae1 Ned7 24. Ne6 h6 25. Bh4 g5 26. Bg3 Nh5 27. Rxf7 Nxg3+ 28. Kg1 Kxf7 29. Nf3 Rg8 30. Kf2 Nf5 31. g4 Ng7 32. Nxg7 Rxg7 33. d4 Bd6 34. Re3 b6 35. Kg2 Rg6 36. Rc3 c5 37. dxc5 Bxc5 38. Rd3 d4 39. b4 axb4 40. axb4 Bxb4 41. Rxd4 Bd6 42. h4 Ke6 43. hxg5 hxg5 44. Ra4 Nf6 45. Nd4+ Kd5 46. Nf5 Nd7 47. Ra7 Ne5 48. Ra4 Nc6 49. Ra6 Bc5 50. Ra4 Re6 51. c3 Re4 52. Rxe4 Kxe4 53. Ng3+ Kd3 54. Kf1 Be7 0-1

[Event "Como op"]
[Site "Como"]
[Date "2007.05.25"]
[Round "7"]
[White "Corti, Filippo"]
[Black "Fusi, Claudio"]
[Result "0-1"]
[WhiteElo "1649"]
[BlackElo "1565"]
[PlyCount "98"]
[EventDate "2007.04.13"]
[EventType "swiss"]
[EventRounds "7"]
[EventCountry "ITA"]
[SourceTitle "EXT 2010"]
[Source "ChessBase"]
[SourceDate "2010.11.25"]
[SourceVersion "1"]
[SourceVersionDate "2010.11.25"]
[SourceQuality "1"]

1. Nf3 Nf6 2. g3 g6 3. Bg2 Bg7 4. d4 d6 5. 0-0 0-0 6. c4 Nbd7 7. Nc3 e5 8. d5 Qe7 9. e4 Nc5 10. Qc2 b6 11. b4 Na6 12. Rb1 Nb8 13. a4 a5 14. bxa5 Rxa5 15. Bd2 Ra8 16. Nb5 c6 17. Nc3 Qa7 18. Rb2 cxd5 19. cxd5 Nbd7 20. Rfb1 Ng4 21. h3 Ngf6 22. Be3 Rb8 23. Nb5 Qa5 24. Nxd6 Ra8 25. Bxb6 Qxa4 26. Qxa4 Rxa4 27. Nxc8 Rxc8 28. Nd2 Bh6 29. f3 Nxb6 30. Rxb6 Bxd2 31. Rxf6 Bg5 32. Rfb6 Be3+ 33. Kh2 Bxb6 34. Rb5 Rd4 35. h4 Rd2 36. Kh3 h5 37. g4 hxg4+ 38. fxg4 Rc3+ 39. Kh2 Rcc2 40. d6 Rxg2+ 41. Kh3 Rgd2 42. Rb3 Rxd6 43. h5 g5 44. h6 Rxh6+ 45. Kg3 Rc1 46. Rf3 f6 47. Rf5 Kg7 48. Rf2 Rc3+ 49. Kg2 Rh4 0-1

[Event "Como op"]
[Site "Como"]
[Date "2007.05.18"]
[Round "6"]
[White "Fusi, Claudio"]
[Black "Napoli, Ferdinando"]
[Result "0-1"]
[WhiteElo "1565"]
[BlackElo "1826"]
[PlyCount "44"]
[EventDate "2007.04.13"]
[EventType "swiss"]
[EventRounds "7"]
[EventCountry "ITA"]
[SourceTitle "EXT 2010"]
[Source "ChessBase"]
[SourceDate "2010.11.25"]
[SourceVersion "1"]
[SourceVersionDate "2010.11.25"]
[SourceQuality "1"]

1. d4 Nf6 2. c4 g6 3. Nc3 Bg7 4. e4 0-0 5. e5 Ne8 6. f4 d6 7. Nf3 c5 8. dxc5 Nc6 9. cxd6 exd6 10. Be2 Bf5 11. exd6 Nxd6 12. 0-0 Qb6+ 13. Kh1 Ne4 14. Qe1 Nxc3 15. bxc3 Rfe8 16. a4 Nb4 17. Qf2 Nc2 18. c5 Qe6 19. Rb1 Qxe2 20. Rxb7 Qa6 21. Rb5 Bd3 22. Re1 Re2 0-1

[Event "Como op"]
[Site "Como"]
[Date "2007.04.27"]
[Round "3"]
[White "Fusi, Claudio"]
[Black "Ghelfi, Giancarlo"]
[Result "1-0"]
[WhiteElo "1565"]
[BlackElo "1553"]
[PlyCount "123"]
[EventDate "2007.04.13"]
[EventType "swiss"]
[EventRounds "7"]
[EventCountry "ITA"]
[SourceTitle "EXT 2010"]
[Source "ChessBase"]
[SourceDate "2010.11.25"]
[SourceVersion "1"]
[SourceVersionDate "2010.11.25"]
[SourceQuality "1"]

1. d4 Nf6 2. c4 g6 3. Nc3 Bg7 4. e4 d6 5. Nf3 0-0 6. Be2 e5 7. d5 Nbd7 8. Nd2 a5 9. 0-0 Nc5 10. a3 a4 11. b4 axb3 12. f3 Nfd7 13. Nxb3 f5 14. Rb1 f4 15. Nb5 Rf7 16. Bd2 Nxb3 17. Rxb3 Bf8 18. Bb4 Nf6 19. Qc2 Nh5 20. c5 Rd7 21. c6 Rf7 22. Rc3 b6 23. a4 Qh4 24. Nxc7 Rxc7 25. a5 bxa5 26. Ra3 Rca7 27. Be1 Qd8 28. Bf2 Rf7 29. Rc1 Qc7 30. Qc3 Be7 31. Be1 Bd8 32. Rca1 Qa7+ 33. Kh1 Nf6 34. R1a2 Qb8 35. Qa1 Rfa7 36. Bf2 Bb6 37. Rb2 Bxf2 38. Rxb8 Rxb8 39. Qf1 Bc5 40. Ra1 Ne8 41. g3 Nc7 42. gxf4 exf4 43. Qg2 Kg7 44. Qg5 Be3 45. Qe7+ Kh6 46. Qxd6 Rba8 47. Qf8+ Kh5 48. Qg7 Nxd5 49. Qe5+ g5 50. Qxd5 Rb8 51. Qd8 Raa8 52. c7 Rb2 53. Qe8+ Kh4 54. Qg8 h5 55. Qd5 Bh3 56. Re1 a4 57. Qd3 a3 58. Rb1 a2 59. Ra1 Ra3 60. Qd1 Rab3 61. Qe1+ Bf2 62. Qxf2# 1-0

[Event "Como op"]
[Site "Como"]
[Date "2007.04.13"]
[Round "1"]
[White "Fusi, Claudio"]
[Black "Liscio, Giovanni"]
[Result "0-1"]
[WhiteElo "1565"]
[BlackElo "2000"]
[PlyCount "54"]
[EventDate "2007.04.13"]
[EventType "swiss"]
[EventRounds "7"]
[EventCountry "ITA"]
[SourceTitle "EXT 2010"]
[Source "ChessBase"]
[SourceDate "2010.11.25"]
[SourceVersion "1"]
[SourceVersionDate "2010.11.25"]
[SourceQuality "1"]

1. d4 Nf6 2. c4 e6 3. Nc3 Bb4 4. Nf3 d6 5. Bg5 0-0 6. e3 Nbd7 7. Bd3 Qe8 8. 0-0 Bxc3 9. bxc3 b6 10. e4 e5 11. d5 h6 12. Be3 Nb8 13. Qb3 Na6 14. Qb5 Nd7 15. Nh4 Qd8 16. Nf5 Ndc5 17. Bc2 Qf6 18. Bxc5 Nxc5 19. Qc6 Bxf5 20. exf5 Rac8 21. Qb5 e4 22. Qb1 Qxc3 23. Bxe4 Qxc4 24. Re1 Rfe8 25. f3 Re7 26. f6 Qd4+ 27. Kh1 Qxf6 0-1